| 000 | 01049nam a2200289 a 4500 | ||
|---|---|---|---|
| 001 | 47008 | ||
| 003 | BD-RjUL | ||
| 005 | 20211209054239.0 | ||
| 008 | 1608 s1993 ii a bs 000 0 eng | ||
| 020 | _a0803994583 (U.S.) | ||
| 020 | _a8170363160 (India) | ||
| 035 | _a(BD-RjUL)47127 | ||
| 040 |
_aDLC _cDLC _dIAY _dUKM _dBD-RjUL _dOrLoB-B _beng |
||
| 041 | _aeng | ||
| 082 | 0 | 0 |
_a307.240954 _223 _bCHM 1993 |
| 100 | 1 |
_aRay Chaudhuri, Jayasri, _d1959- _9143171 |
|
| 245 | 1 | 0 |
_aMigration and remittances : _binter-urban and rural-urban linkages / _cJayasri Ray Chaudhuri. |
| 246 | 3 | _aMigration & remittances | |
| 260 |
_aNew Delhi ; _aNewbury Park : _bSage Publications, _c1993. |
||
| 300 |
_a261 p. : _bill. ; _c25 cm. |
||
| 500 | _aCover title: Migration & remittances. | ||
| 504 | _aIncludes bibliographical references (p. [257]-261). | ||
| 650 | 0 |
_aRural-urban migration _zIndia _zDurgapur. _9143172 |
|
| 650 | 0 |
_aMigrant remittances _zIndia _zDurgapur. _9143173 |
|
| 651 | 0 |
_aDurgapur (India) _xEconomic conditions. _9143174 |
|
| 942 |
_2ddc _cBK |
||
| 999 |
_c47008 _d47008 |
||